Statistics for Most Diverse Countries NOT in Africa

Click here to take the quiz!

General Stats

  • This quiz has been taken 73 times
  • The average score is 8 of 15

Answer Stats

# Hint Country % Correct
0.7124North AmericaCanada
78%
0.7351Southeast AsiaIndonesia
65%
0.6684Middle EastIran
64%
0.7693Central AsiaAfghanistan
62%
0.7396South AmericaBolivia
58%
0.7098South AsiaPakistan
54%
0.7456Middle EastQatar
48%
0.7332South AmericaSuriname
48%
0.6632South AsiaNepal
46%
0.6838Europe (small)Monaco
45%
0.6752Central AsiaKyrgyzstan
45%
0.7139Europe (small)Andorra
43%
0.6604Middle EastKuwait
42%
0.7005OceaniaMicronesia
32%
0.7015North AmericaBelize
28%

Score Distribution

Percentile by Number Answered

Percent of People with Each Score

Your Score History

You have not taken this quiz